Loading...
| Current Events | 2 | 25.00 | 100% | 100% | 50% |
| Fine Arts - Classical Music | 8 | 13.75 | 100% | 38% | 0% |
| Fine Arts - Other Fine Arts | 4 | 12.50 | 75% | 50% | 0% |
| Fine Arts - Painting and Sculpture | 9 | 16.67 | 89% | 56% | 22% |
| Geography | 2 | 10.00 | 100% | 0% | 0% |
| History - American History | 2 | 15.00 | 100% | 50% | 0% |
| History - European History | 10 | 25.00 | 100% | 100% | 50% |
| History - Other History | 8 | 17.50 | 88% | 75% | 13% |
| History - World History | 7 | 21.43 | 100% | 71% | 43% |
| Literature - American Literature | 5 | 16.00 | 100% | 60% | 0% |
| Literature - British Literature | 9 | 18.89 | 100% | 78% | 11% |
| Literature - European Literature | 10 | 19.00 | 100% | 70% | 20% |
| Literature - World Literature | 7 | 15.71 | 86% | 71% | 0% |
| Mythology | 6 | 18.33 | 100% | 67% | 17% |
| Other Academic | 2 | 20.00 | 100% | 100% | 0% |
| Philosophy | 8 | 17.50 | 100% | 63% | 13% |
| Pop Culture | 2 | 15.00 | 50% | 50% | 50% |
| Religion | 7 | 17.14 | 86% | 29% | 57% |
| Science - Biology | 7 | 17.14 | 100% | 71% | 0% |
| Science - Chemistry | 6 | 16.67 | 83% | 67% | 17% |
| Science - Other Science | 5 | 18.00 | 80% | 80% | 20% |
| Science - Physics | 8 | 16.25 | 100% | 38% | 25% |
| Social Science | 8 | 16.25 | 100% | 50% | 13% |